Oceňovanie dlhodobého majetku pre potreby vykázania v súvahe podnikateľskej účtovnej jednotky diplomová práca

Uložené v:
Podrobná bibliografia
Hlavný autor: Kubíčková, Adriana
Korporativný autor: Fakulta hospodárskej informatiky EU. Katedra účtovníctva a audítorstva
Ďalší autori: Šlosárová, Anna
Médium: Kniha
Jazyk:Slovak
Vydavateľské údaje: Bratislava 2012
Tagy: Pridať tag
Žiadne tagy, Buďte prvý, kto otaguje tento záznam!

MARC

LEADER 00000nbm a2200000 4500
001 0154737
005 20161109102141.3
041 0 |a slo 
044 |a SK 
245 1 0 |a Oceňovanie dlhodobého majetku pre potreby vykázania v súvahe podnikateľskej účtovnej jednotky  |b diplomová práca  |c Adriana Kubíčková ; školiteľ: Anna Šlosárová 
264 1 |a Bratislava  |c 2012 
300 |a 79 s. 
100 1 |a Kubíčková, Adriana 
700 1 |a Šlosárová, Anna 
710 2 |a Fakulta hospodárskej informatiky EU. Katedra účtovníctva a audítorstva